|
|
|
|
| LEADER |
01065nab a2200277 i 4500 |
| 001 |
misc61080 |
| 005 |
20241008103557.0 |
| 008 |
220803s1965 hu o 000 ger d |
| 022 |
|
|
|a 0324-1654
|
| 040 |
|
|
|a SZTE Miscellanea Repozitórium
|b hun
|
| 041 |
|
|
|a ger
|
| 100 |
1 |
|
|a Miâtev Petăr
|
| 245 |
1 |
4 |
|a Die Volkskultur der südosteuropäischen Völker. Südosteuropa Jahrbuch. Hrsg. von Rudolf Vogel. 6. Band. München
|h [elektronikus dokumentum] :
|b Buchbesprechung /
|c Miâtev Petăr
|
| 260 |
|
|
|c 1965
|
| 300 |
|
|
|a 335-338
|c 24 cm
|
| 300 |
|
|
|a [4] p.
|c 24 cm
|
| 490 |
0 |
|
|a Études balkaniques
|
| 561 |
|
|
|a Németh Gyula hagyaték
|
| 591 |
|
|
|a NOV 3697
|
| 650 |
|
4 |
|a Társadalomtudományok
|
| 650 |
|
4 |
|a Szociológia
|
| 650 |
|
4 |
|a Bölcsészettudományok
|
| 650 |
|
4 |
|a Történettudomány és régészet
|
| 695 |
|
|
|a Folklór - összehasonlító - Délkelet-Európa - könyvismertetés, Folklór - Délkelet-Európa - könyvismertetés
|
| 700 |
0 |
1 |
|a Vogel Rudolf
|
| 856 |
4 |
0 |
|u http://misc.bibl.u-szeged.hu/61080/1/3697_nov_m63.pdf
|z Dokumentum-elérés
|